|
|
|
|
| LEADER |
00000nam0a2200000 4500 |
| 001 |
214635 |
| 005 |
20231031193635.0 |
| 010 |
|
|
|a 5110022992
|
| 035 |
|
|
|a (RuTPU)RU\TPU\book\234509
|
| 090 |
|
|
|a 214635
|
| 100 |
|
|
|a 20120426d1989 k y0rusy50 ca
|
| 101 |
0 |
|
|a rus
|
| 102 |
|
|
|a UA
|
| 105 |
|
|
|a y z 001zy
|
| 200 |
1 |
|
|a Самоутверждение личности (социально-философский анализ)
|f Н. Ф. Цыбра
|
| 210 |
|
|
|a Киев
|a Одесса
|c Выща школа
|d 1989
|
| 215 |
|
|
|a 192 с.
|
| 320 |
|
|
|a Библиогр.: с. 180-190.
|
| 606 |
1 |
|
|a Личность
|x Социология воспитания
|x Самоутвержение
|2 stltpush
|3 (RuTPU)RU\TPU\subj\37619
|
| 610 |
1 |
|
|a социально-философский анализ
|
| 610 |
1 |
|
|a критерии
|
| 610 |
1 |
|
|a перспективы
|
| 686 |
|
|
|a А872
|v LBC/SL-A
|2 rubbk
|
| 686 |
|
|
|a С55.35
|v LBC/SL-A
|2 rubbk
|
| 700 |
|
1 |
|a Цыбра
|b Н. Ф.
|g Николай Федорович
|
| 801 |
|
1 |
|a RU
|b 63413507
|c 20120426
|
| 801 |
|
2 |
|a RU
|b 63413507
|c 20210208
|g RCR
|
| 942 |
|
|
|c BK
|